01241nam a2200253 a 450000100100000000500170001000800410002704000250006808200140009310000280010724501260013526000360026130000210029749000260031850501950034459000750053965000320061470000320064670000370067883000330071591000370074895201850078599900170097000003540620260420181238.0111031s1962 ag 000 0 spa d aDO-SdBNPbspacBNPHU a301bK29f1 aKelle, Vladislav96123210aFormas de la conciencia social. /cVladislav Kelle ; traducción directa del ruso de : Celia Dujovne y Carlos A. Agosti. aBuenos Aires :bLautaro,c1962. a238 p. ;c21 cm.1 aEnsayos fundamentales0 aLa conciencia social, reflejo de la existencia social --tLa ideología política --tLa conciencia jurídica --tLa moral --tLa religión --tLa ciencia --tEl arte --tLa filosofía. aPerteneció a la biblioteca personal de Juan Isidro Jimenes Grullón 0aComunismo y sociedad93255912aDujovne, Celia,etr.96123312aAgosti., Carlos A. ,etr.961234 0aEnsayos fundamentales961235 aValidado. Control de calidad MFF 001050718MOaGRbGRcHDd2011-10-31iLF1l0o301 K29fp35406-10r2020-06-25w2020-06-25y1zPerteneció a la biblioteca personal de Juan Isidro Jimenes -GrullónZNo se presta c34897d34897